<?xml version="1.0" encoding="UTF-8"?><?xml-stylesheet type="text/xsl" href="static/style.xsl"?><OAI-PMH xmlns="http://www.openarchives.org/OAI/2.0/" xmlns:xsi="http://www.w3.org/2001/XMLSchema-instance" xsi:schemaLocation="http://www.openarchives.org/OAI/2.0/ http://www.openarchives.org/OAI/2.0/OAI-PMH.xsd"><responseDate>2026-04-28T19:44:43Z</responseDate><request verb="GetRecord" identifier="oai:uvadoc.uva.es:10324/55819" metadataPrefix="marc">https://uvadoc.uva.es/oai/request</request><GetRecord><record><header><identifier>oai:uvadoc.uva.es:10324/55819</identifier><datestamp>2022-10-05T19:02:40Z</datestamp><setSpec>com_10324_971</setSpec><setSpec>com_10324_931</setSpec><setSpec>com_10324_894</setSpec><setSpec>col_10324_972</setSpec></header><metadata><record xmlns="http://www.loc.gov/MARC21/slim" xmlns:doc="http://www.lyncode.com/xoai" xmlns:xsi="http://www.w3.org/2001/XMLSchema-instance" xmlns:dcterms="http://purl.org/dc/terms/" xsi:schemaLocation="http://www.loc.gov/MARC21/slim http://www.loc.gov/standards/marcxml/schema/MARC21slim.xsd">
<leader>00925njm 22002777a 4500</leader>
<datafield tag="042" ind1=" " ind2=" ">
<subfield code="a">dc</subfield>
</datafield>
<datafield tag="720" ind1=" " ind2=" ">
<subfield code="a">Vaca Barahona, Byron Ernesto</subfield>
<subfield code="e">author</subfield>
</datafield>
<datafield tag="720" ind1=" " ind2=" ">
<subfield code="a">Cela Ranilla, José María</subfield>
<subfield code="e">author</subfield>
</datafield>
<datafield tag="720" ind1=" " ind2=" ">
<subfield code="a">Gallardo Echenique, Eliana Esther</subfield>
<subfield code="e">author</subfield>
</datafield>
<datafield tag="260" ind1=" " ind2=" ">
<subfield code="c">2016</subfield>
</datafield>
<datafield tag="520" ind1=" " ind2=" ">
<subfield code="a">El propósito de esta investigación es describir de qué manera los entornos virtuales de aprendizaje que integran simulaciones 3D favorecen la comunicación, interacción y colaboración de los estudiantes. Esta investigación utiliza una metodología cualitativa basada en la observación sistémica. Los resultados muestran que los estudiantes a partir de la experiencia en entornos de simulación 3D, pasan a ser agentes activos en la construcción de su proceso de aprendizaje. Los entornos de simulación 3D con mediación pedagógica favorecen la comunicación e interacción de los estudiantes en el contexto de la secuencia pedagógica planteada promoviendo el aprender de los estudiantes y generando dos tipos de comunicación: interacción entre participante y objeto 3D, e interacción entre participantes que se desarrolla más espontáneamente y en mayor cantidad.</subfield>
</datafield>
<datafield tag="520" ind1=" " ind2=" ">
<subfield code="a">The aim of this research is to describe how the virtual learning environments that integrate 3D simulations encourage communication, interaction and collaboration of students. This research uses a qualitative methodology based on the systematic observation. The results show that students - based on experience in 3D simulation environments - become active agents in the construction of their learning process. The 3D simulation environments with pedagogical mediation encourage communication and interaction of students in the context of the teaching sequence promoting the learning of students, and generating two types of communication: interaction between participant and object 3D; and interaction between participants that develops spontaneously and in larger quantities.</subfield>
</datafield>
<datafield tag="024" ind2=" " ind1="8">
<subfield code="a">Revista Iberoamericana de Educación, Vol. 72, Nº. Extra 2, 2016 (Ejemplar dedicado a: Educación infantil (II)), págs. 85-102</subfield>
</datafield>
<datafield tag="024" ind2=" " ind1="8">
<subfield code="a">1022-6508</subfield>
</datafield>
<datafield tag="024" ind2=" " ind1="8">
<subfield code="a">https://uvadoc.uva.es/handle/10324/55819</subfield>
</datafield>
<datafield tag="024" ind2=" " ind1="8">
<subfield code="a">10.35362/rie722102</subfield>
</datafield>
<datafield tag="024" ind2=" " ind1="8">
<subfield code="a">85</subfield>
</datafield>
<datafield tag="024" ind2=" " ind1="8">
<subfield code="a">Extra 2</subfield>
</datafield>
<datafield tag="024" ind2=" " ind1="8">
<subfield code="a">102</subfield>
</datafield>
<datafield tag="024" ind2=" " ind1="8">
<subfield code="a">Revista Iberoamericana de Educación</subfield>
</datafield>
<datafield tag="024" ind2=" " ind1="8">
<subfield code="a">72</subfield>
</datafield>
<datafield tag="024" ind2=" " ind1="8">
<subfield code="a">1681-5653</subfield>
</datafield>
<datafield ind1=" " ind2=" " tag="653">
<subfield code="a">Comunicación</subfield>
</datafield>
<datafield ind1=" " ind2=" " tag="653">
<subfield code="a">Educación superior</subfield>
</datafield>
<datafield ind1=" " ind2=" " tag="653">
<subfield code="a">Tecnología educativa</subfield>
</datafield>
<datafield ind1=" " ind2=" " tag="653">
<subfield code="a">Educación tecnológica</subfield>
</datafield>
<datafield ind1=" " ind2=" " tag="653">
<subfield code="a">Interacción social</subfield>
</datafield>
<datafield ind1=" " ind2=" " tag="653">
<subfield code="a">Inteligencia artificial</subfield>
</datafield>
<datafield ind1=" " ind2=" " tag="653">
<subfield code="a">Realidad virtual</subfield>
</datafield>
<datafield ind1=" " ind2=" " tag="653">
<subfield code="a">Simulacion por ordenador</subfield>
</datafield>
<datafield tag="245" ind1="0" ind2="0">
<subfield code="a">La comunicación en entornos simulados para el aprendizaje</subfield>
</datafield>
</record></metadata></record></GetRecord></OAI-PMH>